[Event "2nd Asian Nations Team Cup U14 2019"]
[Site "Shenzhen"]
[Date "2019.12.23"]
[Round "5.14"]
[White "Zhang, Di"]
[Black "Erkhes, Bayartnar"]
[Result "0-1"]
[WhiteElo "2013"]
[BlackElo "1937"]
[Annotator "NA RC"]
[PlyCount "100"]
[EventDate "2019.12.19"]
[EventType "team-tourn"]
[EventCountry "CHN"]
[SourceTitle "playchess.com"]
[Source "ChessBase"]
[SourceQuality "1"]
[WhiteTeam "China"]
[BlackTeam "Mongolia"]
[WhiteTeamCountry "CHN"]
[BlackTeamCountry "MGL"]
[TimeControl "5400+30"]

{[%evp 8,100,20,18,25,32767,32767,25,24,22,32,22,20,14,21,19,18,12,19,19,14,7,17,0,-3,0,0,0,11,11,4,3,10,-6,5,0,0,-10,0,0,12,-7,0,-18,0,-135,-75,-140,-156,-154,-43,-32,9,15,17,0,0,-81,-52,-62,-52,-62,-87,-44,-83,-218,-213,-362,-383,-343,-229,-356,-337,-429,-318,-838,-462,-487,-558,-575,-275,-752,-828,-1293,-1442,-29986,-29988,-29992,-29993,-29996,-29989,-29996,-29993,-29996,-29997]} 1. Nf3 {[%emt 0:00:00]} d5 {[%emt 0:00:00]} 2. g3 {[%emt 0:00:00]} c6 {[%emt 0:00:06]} 3. Bg2 {[%emt 0:00:00]} Nf6 {[%emt 0:00:09]} ({Predecessor:} 3... Bg4 4. O-O Nd7 5. h3 Bh5 6. d4 e6 7. c4 {1-0 (47) Banusz,T (2640)-Quesada Perez,Y (2627) chess.com INT 2018}) 4. O-O {[%emt 0:00:00]} Bg4 {[%emt 0:00:11]} 5. d4 {[%emt 0:00:19]} Nbd7 {[%emt 0:00:25]} 6. h3 {[%emt 0:00:06] D02: 1 d4 d5 2 Nf3 sidelines, including 2...Nf6 3 g3 and 2...Nf6 3 Bf4} Bh5 {[%emt 0:03:47]} 7. c4 {[%emt 0:00:19]} e6 {[%emt 0:00:36]} 8. cxd5 {[%emt 0:00:18]} exd5 {[%emt 0:00:53]} 9. Qb3 $146 {[%emt 0:00:10]} (9. Ne5 Ne4 10. Nd2 Nxd2 11. Bxd2 Nxe5 12. dxe5 Bc5 13. Kh2 O-O {½-½ (31) Svidler,P (2768)-Karjakin,S (2753) Wijk aan Zee 2018}) 9... Qb6 {[%emt 0:16:54]} 10. Qe3+ {[%emt 0:00:18]} Be7 {[%emt 0:00:24]} 11. Nh4 {[%emt 0:00:07]} Bg6 {[%emt 0:02:46]} 12. Nxg6 {[%emt 0:00:08]} hxg6 {[%emt 0:00:05]} 13. Nc3 {[%emt 0:00:27]} Qd8 {[%emt 0:01:18]} 14. b4 {[%emt 0:02:59]} a6 {[%emt 0:05:18]} 15. Na4 {[%emt 0:05:02]} O-O {[%emt 0:02:44]} 16. Nc5 {[%emt 0:00:35]} Re8 {[%emt 0:02:25]} 17. Qd3 {[%emt 0:02:25]} b6 {[%emt 0:13:04]} 18. Nxd7 $1 {[%emt 0:00:44]} Qxd7 {[%emt 0:00:06]} 19. Bd2 {[%emt 0:01:11]} Ne4 {[%emt 0:05:01]} 20. Rab1 {[%emt 0:06:33]} Nd6 {[%emt 0:06:12]} 21. Bf4 {[%emt 0:06:57]} Nc4 {[%emt 0:07:24]} 22. e4 {[%emt 0:03:44]} b5 {[%emt 0:01:44]} 23. h4 {[%emt 0:04:46]} a5 {[%emt 0:03:00]} 24. a3 {[%emt 0:10:56]} axb4 {[%emt 0:01:11]} 25. axb4 {[%emt 0:00:02]} Ra4 {[%emt 0:03:40]} 26. e5 {[%emt 0:07:01]} (26. exd5 $11 cxd5 27. Rfe1) 26... Rxb4 {[%emt 0:02:50]} 27. Rbe1 {[%emt 0:00:56] [#]} (27. Rxb4 $15 Bxb4 28. Ra1) 27... Qf5 $1 {[%emt 0:01:59]} 28. Qf3 {[%emt 0:00:37]} g5 {[%emt 0:01:13]} (28... Ra8 $19 29. Bc1 Ra2) 29. hxg5 $1 {[%emt 0:00:20]} Ra4 {[%emt 0:02:23]} 30. Qh5 {[%emt 0:01:29]} Bb4 {[%emt 0:05:47]} 31. Re2 {[%emt 0:00:53]} g6 {[%emt 0:04:40]} 32. Qh4 {[%emt 0:04:51]} (32. Qh1 $11) 32... Qd3 {[%emt 0:01:32]} 33. Qg4 {[%emt 0:04:21]} Re6 $1 {[%emt 0:00:21]} ({Much weaker is} 33... Qxd4 $6 34. Qd7 $14) 34. Bf3 $1 {[%emt 0:01:39]} Qxd4 {[%emt 0:03:07]} 35. Kg2 $1 {[%emt 0:00:26]} Bf8 {[%emt 0:00:54]} 36. Rh1 $2 {[%emt 0:00:53]} (36. Qh3 $15) 36... Ra1 {[%emt 0:00:48]} 37. Ree1 {[%emt 0:01:32]} (37. Qh4 $142 Rxh1 38. Qxh1) 37... Rxe1 {[%emt 0:00:12]} 38. Rxe1 {[%emt 0:00:03]} Bg7 {[%emt 0:00:44]} 39. Rd1 {[%emt 0:01:10]} (39. Qh3 {was necessary.} Qc3 40. Re2 Bxe5 41. Bg4) 39... Qb2 {[%emt 0:01:02]} ({Weaker is} 39... Nxe5 40. Qxe6 fxe6 41. Rxd4 $11) 40. Qh3 {[%emt 0:00:44]} Nxe5 {[%emt 0:00:39]} 41. Bc1 $2 {[%emt 0:00:58]} (41. Rd2 Qc3 42. Bd1) 41... Qb4 {[%emt 0:00:40]} 42. Be2 {[%emt 0:01:45]} Qe4+ {[%emt 0:00:19]} 43. Kf1 {[%emt 0:00:01]} d4 {[%emt 0:00:47]} 44. f3 $2 {[%emt 0:01:54]} (44. Qh4 Qxh4 45. gxh4) 44... Qd5 {[%emt 0:01:16]} 45. Rd2 {[%emt 0:01:05]} d3 {[%emt 0:00:23]} 46. Bd1 {[%emt 0:00:09]} Nxf3 {[%emt 0:00:13]} 47. Qg4 {[%emt 0:00:25]} Re1+ {[%emt 0:00:06]} 48. Kg2 {[%emt 0:00:02]} Rg1+ {[%emt 0:00:18]} 49. Kh3 {[%emt 0:00:11]} Nxg5+ {[%emt 0:00:08]} 50. Kh4 {[%emt 0:00:09]} Rh1+ {[%emt 0:00:05]} 0-1

[Event "2nd Asian Nations Team Cup U14 2019"]
[Site "Shenzhen"]
[Date "2019.12.23"]
[Round "5.15"]
[White "Temuujin, Kherlen"]
[Black "Xiao, Tong"]
[Result "1-0"]
[WhiteElo "1711"]
[BlackElo "1925"]
[Annotator "NA RC"]
[PlyCount "79"]
[EventDate "2019.12.19"]
[EventType "team-tourn"]
[EventCountry "CHN"]
[SourceTitle "playchess.com"]
[Source "ChessBase"]
[SourceQuality "1"]
[WhiteTeam "Mongolia"]
[BlackTeam "China"]
[WhiteTeamCountry "MGL"]
[BlackTeamCountry "CHN"]
[TimeControl "5400+30"]

{[%evp 8,79,18,15,8,32767,32767,32767,32767,13,19,5,53,14,16,0,41,24,30,10,30,10,11,-18,5,3,20,34,122,132,285,295,297,309,32767,32767,32767,32767,329,340,398,341,422,488,483,530,545,555,610,562,600,635,603,621,631,675,657,839,861,32767,32767,32767,32767,32767,32767,32767,32767,32767,32767,1204,29961,29976,12841,29979]} 1. c4 {[%emt 0:00:13]} Nf6 {[%emt 0:00:00]} 2. Nf3 {[%emt 0:00:09]} e6 {[%emt 0:00:00]} 3. g3 {[%emt 0:00:41]} d5 {[%emt 0:00:00]} 4. d4 {[%emt 0:00:05]} dxc4 {[%emt 0:00:00]} 5. Bg2 {[%emt 0:00:16]} Nc6 {[%emt 0:00:02]} 6. Qa4 {[%emt 0:00:48]} Bb4+ {[%emt 0:00:05]} 7. Bd2 {[%emt 0:00:07]} Nd5 {[%emt 0:00:06]} 8. Bxb4 {[%emt 0:37:35]} Ndxb4 {[%emt 0:00:53]} 9. Ne5 {[%emt 0:01:25]} Bd7 {[%emt 0:02:04] E04: Open Catalan: 5 Nf3} (9... O-O 10. Nxc6 Nxc6 11. e3 e5 12. d5 Ne7 13. Qxc4 c6 14. dxc6 Nxc6 15. Nc3 Be6 16. Qb5 Qb6 17. Qxb6 axb6 {½-½ (31) Wojtaszek,R (2744)-Mamedyarov,S (2814) Shamkir 2018}) 10. Nxd7 {[%emt 0:01:47]} Qxd7 {[%emt 0:02:44]} ({But not} 10... Kxd7 11. Nc3 $16) 11. a3 {[%emt 0:04:48]} Nd5 {[%emt 0:05:38]} (11... b5 $5 12. Qd1 Nd5 $15) 12. Qxc4 {[%emt 0:01:18]} Nb6 {[%emt 0:00:56]} 13. Bxc6 $146 {[%emt 0:01:01]} ({Predecessor:} 13. Qc3 O-O-O 14. e3 e5 15. Bxc6 bxc6 16. O-O exd4 17. exd4 {1-0 (37) Bindrich,F (2588)-Neiksans,A (2574) Berlin 2018}) 13... bxc6 {[%emt 0:00:28]} 14. Qd3 {[%emt 0:04:03]} Rd8 {[%emt 0:00:24]} 15. Qc2 {[%emt 0:04:43]} Qxd4 {[%emt 0:01:56]} 16. Qxc6+ {[%emt 0:05:43]} Rd7 {[%emt 0:00:58]} 17. O-O {[%emt 0:06:15]} Qxb2 {[%emt 0:02:50]} (17... a5 $11) 18. Nc3 {[%emt 0:00:13]} O-O $2 {[%emt 0:02:00] [#]} (18... Qc2 $16) 19. Ra2 $1 {[%emt 0:05:08]} Qb3 {[%emt 0:07:20]} 20. Rb1 {[%emt 0:00:35]} Qxb1+ {[%emt 0:00:24]} 21. Nxb1 {[%emt 0:00:09]} Rd1+ {[%emt 0:00:03]} 22. Kg2 {[%emt 0:00:12]} Rxb1 {[%emt 0:00:04]} 23. Qxc7 {[%emt 0:01:28]} a5 {[%emt 0:01:16]} 24. Rd2 {[%emt 0:00:26]} a4 {[%emt 0:01:59]} 25. e4 {[%emt 0:01:42]} g6 {[%emt 0:04:51]} 26. Rd6 {[%emt 0:00:48]} Nc8 {[%emt 0:00:00]} 27. Ra6 {[%emt 0:01:15]} Rd1 {[%emt 0:00:45]} 28. Rxa4 {[%emt 0:01:10]} Nd6 {[%emt 0:00:07]} 29. Qc2 {[%emt 0:00:41]} Re1 {[%emt 0:01:01]} 30. Rb4 {[%emt 0:03:01]} Ra1 {[%emt 0:01:33]} 31. a4 {[%emt 0:01:36]} Ra3 {[%emt 0:01:09]} 32. Rd4 {[%emt 0:00:31]} Nc8 {[%emt 0:00:53]} 33. Qb2 {[%emt 0:00:10]} e5 {[%emt 0:00:13]} 34. Rb4 {[%emt 0:02:23]} Rd3 {[%emt 0:00:09]} 35. Qxe5 {[%emt 0:00:08]} Rd2 {[%emt 0:00:27]} 36. Rb8 {[%emt 0:00:17]} Nd6 {[%emt 0:00:22]} 37. Rxf8+ {[%emt 0:00:54]} Kxf8 {[%emt 0:00:02]} 38. a5 {[%emt 0:00:20]} Kg8 {[%emt 0:00:15]} 39. a6 {[%emt 0:00:12]} Nc4 {[%emt 0:00:16]} 40. Qc3 {[%emt 0:00:29]} 1-0

[Event "2nd Asian Nations Team Cup U14 2019"]
[Site "Shenzhen"]
[Date "2019.12.23"]
[Round "5.16"]
[White "Chen, Yuan"]
[Black "Angar, Zoljargal"]
[Result "1/2-1/2"]
[WhiteElo "2056"]
[BlackElo "1696"]
[Annotator "NA RC"]
[PlyCount "115"]
[EventDate "2019.12.19"]
[EventType "team-tourn"]
[EventCountry "CHN"]
[SourceTitle "playchess.com"]
[Source "ChessBase"]
[SourceQuality "1"]
[WhiteTeam "China"]
[BlackTeam "Mongolia"]
[WhiteTeamCountry "CHN"]
[BlackTeamCountry "MGL"]
[TimeControl "5400+30"]

{[%evp 8,115,30,18,33,14,26,10,23,32767,25,3,42,22,37,-14,39,12,20,0,0,0,-5,0,0,0,16,8,13,19,16,0,0,7,12,0,25,1,20,7,10,9,16,0,25,-16,-10,0,0,0,-8,-13,12,6,20,6,25,0,12,17,14,15,18,12,27,26,62,48,52,41,120,132,120,119,132,63,77,77,89,52,55,31,51,0,0,0,0,0,0,32767,32767,32767,32767,0,0,0,0,0,0,0,32767,32767,32767,32767,0,0,0,0,0,0]} 1. e4 {[%emt 0:00:00]} c5 {[%emt 0:00:00]} 2. Nf3 {[%emt 0:00:00]} d6 {[%emt 0:00:13]} 3. d4 cxd4 {[%emt 0:00:42]} 4. Nxd4 {[%emt 0:00:00]} Nf6 {[%emt 0:00:11]} 5. Nc3 {[%emt 0:00:00]} a6 {[%emt 0:00:20]} 6. Be2 {[%emt 0:00:28]} e5 {[%emt 0:00:52]} 7. Nb3 {[%emt 0:00:00]} Be7 {[%emt 0:02:02]} 8. O-O {[%emt 0:00:00]} O-O {[%emt 0:00:52]} 9. Bg5 {[%emt 0:01:47]} Nbd7 {[%emt 0:03:49]} 10. a4 {[%emt 0:03:09]} Qc7 {[%emt 0:07:25] B92: Sicilian Najdorf: 6 Be2} (10... b6 11. Nd2 Bb7 12. Bc4 h6 13. Bh4 Qc7 14. Qe2 Rfc8 15. Rfd1 Nf8 16. Bxf6 Bxf6 17. Nd5 Qd8 18. Nf1 Ng6 {1-0 (50) Yu,Y (2750)-Atabayev,S (2437) Ashkhabad 2017}) 11. Bg4 {[%emt 0:11:32]} Nb6 $146 {[%emt 0:19:58]} ({Predecessor:} 11... h6 $5 {[%cal Rh6g5]} 12. Bxd7 (12. Bxf6 Nxf6 13. Bxc8 Raxc8 14. Qd3 Qc4 15. Rfd1 Rfd8 16. a5 Rc7 17. f3 h5 18. Ra4 {1-0 (39) Rios,C (2452)-Mateus,A (2293) Bagre 2018}) 12... hxg5 13. Bxc8 Raxc8 $11) 12. Bxc8 {[%emt 0:00:08]} (12. Bxf6 $5 Bxf6 13. a5 $14) 12... Raxc8 {[%emt 0:00:28]} 13. Nd2 {[%emt 0:04:07]} Nfd5 {[%emt 0:11:25]} 14. Nxd5 {[%emt 0:05:41]} Nxd5 {[%emt 0:00:17]} 15. Bxe7 {[%emt 0:00:25]} Nxe7 {[%emt 0:00:11]} 16. c4 {[%emt 0:04:25]} f5 {[%emt 0:01:45]} 17. b3 {[%emt 0:19:39]} Nc6 {[%emt 0:07:39]} 18. exf5 {[%emt 0:03:51]} Rxf5 {[%emt 0:01:58]} 19. Nf3 {[%emt 0:00:07]} Rcf8 {[%emt 0:00:33]} 20. Qd5+ {[%emt 0:02:41]} Kh8 {[%emt 0:04:38]} 21. Rad1 {[%emt 0:00:43]} R8f6 {[%emt 0:00:55]} 22. Rfe1 {[%emt 0:19:38]} h6 {[%emt 0:05:44]} 23. Re3 {[%emt 0:01:19]} Qb6 {[%emt 0:07:24]} 24. Qd3 {[%emt 0:03:39]} Rf4 {[%emt 0:02:50]} 25. Rd2 {[%emt 0:10:19]} Ne7 {[%emt 0:00:00]} 26. Qc3 {[%emt 0:06:47]} Nf5 {[%emt 0:00:00]} 27. c5 {[%emt 0:00:21]} Qxc5 {[%emt 0:00:00]} 28. Qxc5 {[%emt 0:00:05]} dxc5 {[%emt 0:00:00]} 29. Rxe5 {[%emt 0:00:05]} Rb4 {[%emt 0:01:39]} 30. Rxc5 {[%emt 0:00:59]} Rxb3 {[%emt 0:00:28]} 31. h3 {[%emt 0:00:06]} Nd6 {[%emt 0:00:52]} 32. Rcd5 {[%emt 0:02:19]} Nc4 {[%emt 0:03:21]} 33. Rd8+ {[%emt 0:00:19]} Kh7 {[%emt 0:00:09]} 34. Re2 {[%emt 0:00:35]} Nd6 {[%emt 0:02:45]} 35. Rd7 {[%emt 0:00:36]} b5 {[%emt 0:01:17]} 36. axb5 {[%emt 0:00:06]} axb5 {[%emt 0:00:08]} 37. Nd4 {[%emt 0:01:15]} Rb1+ {[%emt 0:00:59]} 38. Kh2 {[%emt 0:00:03]} Nf5 {[%emt 0:00:47]} (38... Nf7 $14) 39. Nxf5 {[%emt 0:00:28]} Rxf5 {[%emt 0:00:06]} 40. Ree7 {[%emt 0:00:23]} Rg5 {[%emt 0:00:06] [#]} 41. Rb7 {[%emt 0:00:57]} (41. h4 $1 $16 {[%cal Rh4g5]} Rg4 42. f3) 41... Rb2 {[%emt 0:00:29]} 42. Rf7 {[%emt 0:00:03]} Kg8 {[%emt 0:00:06]} 43. h4 {[%emt 0:00:28]} Rg6 $1 {[%emt 0:01:32]} 44. Rf5 {[%emt 0:00:41]} Rf6 {[%emt 0:00:57]} 45. Rbxb5 {[%emt 0:01:36]} Rxb5 {[%emt 0:00:36]} 46. Rxb5 {[%emt 0:00:04]} Rxf2 {[%emt 0:00:04]} 47. Rb7 {[%emt 0:00:08]} Rf7 {[%emt 0:00:11]} 48. Rb5 {[%emt 0:00:35]} Ra7 {[%emt 0:00:19]} 49. Kh3 {[%emt 0:00:07]} Ra4 {[%emt 0:00:11]} 50. Rb7 {[%emt 0:00:04]} h5 {[%emt 0:00:26]} 51. g3 {[%emt 0:00:36]} Kh7 {[%emt 0:00:07]} 52. Kg2 {[%emt 0:00:05]} Ra3 {[%emt 0:00:10]} 53. Rb5 {[%emt 0:00:48]} Kh6 {[%emt 0:00:10]} 54. Rb6+ {[%emt 0:00:09]} g6 {[%emt 0:00:07]} 55. Rb7 {[%emt 0:00:05]} Rc3 {[%emt 0:00:22]} 56. Kf2 {[%emt 0:00:10]} Rc6 {[%emt 0:00:20]} 57. Rb5 {[%emt 0:02:00]} Rc3 {[%emt 0:00:46]} 58. Ra5 $11 {[%emt 0:00:09]} 1/2-1/2

[Event "2nd Asian Nations Team Cup U14 2019"]
[Site "Shenzhen"]
[Date "2019.12.23"]
[Round "5.17"]
[White "Daneshvar, Bardiya"]
[Black "Li, Shanglin"]
[Result "1-0"]
[WhiteElo "2330"]
[BlackElo "2020"]
[Annotator "TA"]
[PlyCount "89"]
[EventDate "2019.12.19"]
[EventType "team-tourn"]
[EventCountry "CHN"]
[SourceTitle "playchess.com"]
[Source "ChessBase"]
[SourceQuality "1"]
[WhiteTeam "Iran"]
[BlackTeam "China"]
[WhiteTeamCountry "IRI"]
[BlackTeamCountry "CHN"]

{[%evp 18,89,26,24,18,2,4,0,29,22,40,16,25,26,41,35,39,49,52,45,47,41,40,35,50,4,94,83,85,93,102,102,108,98,106,106,92,100,112,102,222,212,240,245,491,462,500,524,526,514,522,522,533,526,490,484,439,405,707,712,29973,11435,29979,29980,29979,29979,29982,29983,29987,29984,29984,29985,29985,29986]} 1. d4 Nf6 2. c4 g6 3. Nc3 Bg7 4. e4 d6 5. Nf3 O-O 6. Be2 e5 7. O-O Nc6 8. dxe5 dxe5 9. Bg5 Qxd1 10. Raxd1 Bg4 {E97: King's Indian: Classical Main Line (6...e5 7 0-0 Nc6): 8 Be3 and 8 d5 Ne7, not 9 Ne1} 11. Be3 (11. Rd2 Bxf3 12. Bxf3 Nd4 13. Nb5 c5 14. Nxd4 cxd4 15. Bxf6 Bxf6 16. Be2 Rfc8 17. g3 Be7 18. Bd3 {½-½ (73) Bacrot,E (2707)-Radjabov,T (2728) Rishon Le Ziyyon 2006}) 11... Rfd8 $146 ({Predecessor:} 11... Rad8 12. Rxd8 Rxd8 13. Rd1 Rxd1+ 14. Bxd1 a6 15. Ba4 Bd7 16. Bg5 Ne8 17. Kf1 f6 18. Be3 {½-½ (34) Panecki,K-Krakovsky,P (2253) ICCF email 2009}) 12. Nd5 Bxf3 {The position is equal.} 13. Bxf3 Ne8 14. Bg5 f6 15. Be3 Nd4 16. Bxd4 exd4 17. Nf4 ({Of course not} 17. Rxd4 c6 $17) 17... Kf7 18. c5 $36 {[%mdl 2048] Black is under pressure.} c6 19. Be2 Nc7 20. Bc4+ Ke8 21. Rd3 {Threatens to win with Rh3.} Bf8 (21... Bh6 $1 $11 {remains equal.} 22. Ne2 Bf8) 22. Rh3 $16 Rd7 23. Bg8 h6 24. Nxg6 Rg7 25. Nxf8 Rxg8 26. Nh7 Rg6 27. f4 $1 {[%cal Rf4f5] And now f5 would win.} Ke7 {[#]} 28. e5 $1 {Strongly threatening f5.} fxe5 {[#]} (28... f5 $16) 29. f5 $1 $18 {[%cal Rf5g6]} ({And not} 29. fxe5 Nd5 $11) 29... Rgg8 30. Rxh6 Nd5 $2 (30... Kf7 31. Nf6 Rh8) 31. f6+ Kf7 32. h4 Ne3 33. Ng5+ Rxg5 34. hxg5 Nxf1 {[%mdl 4096] Endgame KRN-KR} 35. Rh7+ ({Not} 35. Kxf1 Rg8 $18) 35... Ke6 {Hoping for ...Ne3.} 36. Kxf1 {KR-KR} Rf8 37. Rxb7 Kf5 (37... e4 $142 38. Rxa7 Kf5) 38. Rg7 e4 39. f7 d3 40. g6 {White mates.} Kf6 41. Rg8 Ke7 42. b4 e3 43. a4 a6 44. g4 d2 45. Ke2 {Accuracy: White = 88%, Black = 42%.} 1-0

[Event "2nd Asian Nations Team Cup U14 2019"]
[Site "Shenzhen"]
[Date "2019.12.23"]
[Round "5.18"]
[White "Xue, Haowen"]
[Black "Poormosavi, Seyed Kian"]
[Result "1/2-1/2"]
[WhiteElo "1909"]
[BlackElo "2317"]
[Annotator "TA"]
[PlyCount "183"]
[EventDate "2019.12.19"]
[EventType "team-tourn"]
[EventCountry "CHN"]
[SourceTitle "playchess.com"]
[Source "ChessBase"]
[SourceQuality "1"]
[WhiteTeam "China"]
[BlackTeam "Iran"]
[WhiteTeamCountry "CHN"]
[BlackTeamCountry "IRI"]

{[%evp 24,183,35,7,41,8,75,75,74,74,97,90,82,88,95,93,106,100,111,90,110,93,113,101,124,0,0,0,0,0,0,0,0,0,0,0,0,0,0,0,0,-16,0,0,0,-66,0,0,0,0,0,0,0,0,0,0,0,0,0,0,0,0,0,0,0,0,0,0,0,0,0,0,0,0,0,0,0,0,0,0,0,0,0,0,0,0,0,0,0,0,0,0,0,0,0,0,0,0,0,0,0,0,0,0,0,0,0,0,0,0,0,0,0,0,0,0,0,0,0,0,0,0,0,0,0,0,0,0,0,0,0,0,0,0,0,0,0,0,0,0,0,0,0,-234,-220,-143,0,0,0,0,0,0,0,-312,-305,-268,0,0,0,0,0,0]} 1. d4 Nf6 2. c4 e6 3. g3 d5 4. Nf3 Be7 5. Bg2 O-O 6. O-O dxc4 7. Ne5 Nc6 8. Bxc6 bxc6 9. Nxc6 Qd6 10. Nxe7+ Qxe7 11. Qa4 e5 12. dxe5 Qxe5 13. Qxc4 Be6 {E05: Open Catalan: 5 Nf3 Be7} 14. Qd3 (14. Qc2 Bf5 15. Qd2 Bh3 16. Re1 Rad8 17. Qc3 Qd5 18. f3 Rfe8 19. Na3 Qb7 20. Nc2 Qa6 21. Be3 {1-0 (39) Meier,G (2628)-Dominguez Perez,L (2739) chess.com INT 2018}) 14... Rab8 (14... Rad8 $11 {keeps the balance.} 15. Qe3 Qh5) 15. Nc3 $16 Nd5 $146 {White is better.} ({Predecessor:} 15... Qh5 16. f3 Rfd8 17. Qe3 a5 18. b3 Re8 19. Qg5 Qxg5 20. Bxg5 Nd5 21. Nxd5 Bxd5 {1-0 (40) Plischki,S (2384)-Dobes,V (2220) Stare Mesto 2016}) 16. Nxd5 Bxd5 17. Bf4 Qe6 18. b3 ({Of course not} 18. Bxc7 Rxb2 19. Rfe1 Re8 $11) 18... Rbc8 19. Rac1 c6 20. Rfe1 f5 21. Rcd1 Rce8 22. f3 h6 23. Qd4 Rf7 24. Bc1 (24. Rd3 $16) 24... Bxf3 $1 $11 25. exf3 Qxe1+ 26. Rxe1 Rxe1+ 27. Kg2 Rxc1 {[%mdl 4096] Endgame KQ-KRR} 28. Qd3 Rc5 29. b4 Rd5 30. Qc4 Rd6 31. a4 Rdf6 32. f4 Kh7 33. h4 Rd7 34. Qc5 (34. h5 $11) 34... Rd2+ (34... h5 $1 $15) 35. Kh3 Rd7 36. h5 Kg8 37. a5 Rb7 38. Qc4+ Kh7 39. Qd4 a6 40. Qc4 Rb5 41. Kh4 c5 42. bxc5 {Threatens to win with c6.} Rc6 43. Qf7 Rbxc5 44. Qe8 Rf6 (44... Rd6 {is more complex.} 45. Qf8 Rd1 46. g4 Rh1+ 47. Kg3 Rhc1) 45. Qd8 Rb5 (45... Rc3 {with more complications.} 46. Kh3 Rfc6 47. Qe8 Rc2 48. Qf7 R2c5) 46. Kh3 Re6 47. Qc8 Rd6 48. Qc7 Rf6 49. Qd8 Rc5 50. Kg2 Re6 {White must now prevent ...Re2+.} 51. Kh3 Rf6 52. Kg2 Re6 {aiming for ...Re2+.} 53. Kh3 Rc1 54. Qd5 Rf6 55. Kg2 Rc2+ 56. Kh3 Re2 57. Qd3 Re1 58. Kg2 Re4 59. Qd5 Rb4 60. Kh3 Rb2 61. Qd4 Rb1 62. Qd5 Rg1 63. Kh2 Rc1 64. Kh3 Rcc6 65. Kg2 Rcd6 66. Qc5 Rd7 67. Kh3 Rd2 68. Qe5 Rd8 69. Kg2 Kg8 70. Kh3 Kf8 71. Qc5+ Kg8 72. Qe5 Rd2 73. Qe8+ Kh7 74. Qe5 Ra2 75. Qd5 Ra4 (75... Ra3 {is interesting.} 76. Kg2 Re3 77. Kh3 Re2) 76. Kg2 Re4 77. Kh3 Rb4 78. Qd2 Rb5 79. Qd8 Rc5 80. Kg2 Re6 {Hoping for ...Re2+.} 81. Kh3 Re3 82. Qb6 Rcc3 83. Qxa6 $2 (83. Qg6+ $11 Kg8 84. Kh4) 83... Rxg3+ $19 84. Kh2 Rge3 ({Black should try} 84... Rh3+ $17 85. Kg2 Rcg3+ 86. Kf2 Rg4) 85. Kg2 $11 Rg3+ 86. Kf2 Rcf3+ {[%mdl 64] Double Attack} 87. Ke2 Rxf4 {And now ...Ra4 would win.} 88. Qd6 $2 {[%mdl 8192]} (88. Qb5 $1 $11 {and White has nothing to worry.}) 88... Rg2+ $19 89. Ke3 Rff2 $2 {[#]} (89... Ra4 $19 {...Ra3+! is the strong threat.} 90. Kf3 Rg5) 90. Qg6+ $1 $11 {[%mdl 512] The position is equal.} Kh8 (90... Rxg6 91. hxg6+) 91. Qe8+ Kh7 {[#] ( -> ...Re2+)} 92. Qg6+ $1 {[%mdl 512] Accuracy: White = 83%, Black = 70%.} 1/2-1/2

[Event "2nd Asian Nations Team Cup U14 2019"]
[Site "Shenzhen"]
[Date "2019.12.23"]
[Round "5.19"]
[White "Atakhan, Abtin"]
[Black "Wang, Xiaozhi"]
[Result "1-0"]
[WhiteElo "2307"]
[BlackElo "1872"]
[Annotator "TA"]
[PlyCount "37"]
[EventDate "2019.12.19"]
[EventType "team-tourn"]
[EventCountry "CHN"]
[SourceTitle "playchess.com"]
[Source "ChessBase"]
[SourceQuality "1"]
[WhiteTeam "Iran"]
[BlackTeam "China"]
[WhiteTeamCountry "IRI"]
[BlackTeamCountry "CHN"]

{[%evp 14,81,81,65,74,75,71,68,89,93,162,127,186,72,89,50,61,76,71,78,125,116,159,152,160,160,156,144,176,165,203,188,216,205,202,201,287,262,286,142,168,74,901,898,945,922,848,814,2030,2034,1749,1205,1163,1105,1063,684,668,652,642,614,742,742,733,685,998,1004,1195,1113,1064,1051]} 1. c4 Nf6 2. Nc3 g6 3. d4 Bg7 4. e4 d6 5. Be2 O-O 6. Be3 e5 7. d5 a5 8. g4 Na6 {E73: King's Indian: Averbakh Variation without 6...c5} 9. h4 Nc5 10. f3 Bd7 {White is slightly better.} 11. h5 Ne8 $146 (11... c6 $16 {keeps fighting.}) ({Predecessor:} 11... c6 12. Qd2 cxd5 13. cxd5 a4 14. Nh3 Rc8 15. Nf2 Qa5 {1-0 (40) Riazantsev,A (2671)-Seeman,T (2420) Tallinn 2016}) 12. Nh3 f5 (12... gxh5 $16 13. gxh5 f5) 13. gxf5 (13. hxg6 $18 hxg6 14. gxf5) 13... gxf5 $16 14. h6 Bf6 $1 15. exf5 Bxf5 16. Qd2 Qe7 17. Nf2 Rd8 18. O-O-O Bg6 19. Rhg1 {Played: Rd1-g1} 1-0